Statistiken für Die Größten Städte(Gemeinden) Österreichs mit Karte

Klicken Sie hier um das Quiz zu spielen!

Allgemein

  • Dieses Quiz wurde 4.781 mal gespielt
  • Das Durchschnittsergebnis liegt bei 12 aus 26

Antworten auf der Karte

Die Antworten werden auf der Karte rot bzw. grün angezeigt, abhängig davon wie oft sie richtig erraten wurden.
 

Antwortstatistiken

EinwohnerzahlStadt% Korrekt
1.9 MillionWien
100%
155.021Salzburg
95%
131.961Innsbruck
87%
291.072Graz
85%
206.595Linz
81%
101.300Klagenfurt
68%
29.711Bregenz
63%
55.514St. Pölten
57%
62.882Villach
53%
45.823Wiener Neustadt
51%
49.872Dornbirn
41%
62.470Wels
41%
34.210Feldkirch
36%
38.056Steyr
34%
24.876Krems an der Donau
30%
25.025Wolfsberg
29%
25.958Baden
27%
23.816Amstetten
26%
21.314Hallein
26%
24.471Leoben
26%
20.564Mödling
24%
27.500Klosterneuburg
21%
23.309Lustenau
20%
22.609Kapfenberg
16%
28.929Leonding
15%
24.756Traun
15%

Verteilung der Resultate

Perzentil nach korrekt beantworteten Fragen

Anzahl Personen mit jedem Resultat

Ihre Resultats-Entwicklung

Sie haben dieses Quiz noch nicht gespielt